| 000 -ლიდერი |
| ფიქსირებული სიგრძის საკონტროლო ველი |
01660nam a22001817a 4500 |
| 003 - საკონტროლო ნომრის იდენტიფიკატორი |
| საკონტროლო ველი |
Ge_BSU |
| 005 - ბოლო ოპერაციის თარიღი და დრო |
| საკონტროლო ველი |
20260120191845.0 |
| 008 - ფიქსირებული სიგრძის მონაცემთა ელემენტები - ზოგადი ინფორმაცია |
| ფიქსირებული სიგრძის საკონტროლო ველი |
260120s1959 ge ||||| |||| 00| 0 geo d |
| 041 ## - ენის კოდი |
| Language code of text/sound track or separate title |
geo |
| 080 ## - უნივერსალური ათობითი კლასიფიკაციის ინდექსი |
| Universal Decimal Classification number |
329.150.21 XXI : 338.26(47+57) ხ-88 |
| 100 ## - მთავარი ჩანაწერი - პიროვნების სახელი |
| Personal name |
ხრუშჩოვი, ნ.ს. |
| 9 (RLIN) |
26023 |
| 245 ## - ცნობა სათაურის შესახებ |
| Title |
ამხანაგ ნ. ს. ხრუშჩოვის საბოლოო სიტყვა საბჭოთა კავშირის კომუნისტური პარტიის XXI ყრილობაზე 1959 წლის 5 თებერვალს : |
| Remainder of title |
რეზოლუცია საბჭოთა კავშირის კომუნისტური პარტიის XXI ყრილობისა "სსრ კავშირის სახალხო მეურნეობის განვითარების 1959-1965 წლების საკონტროლო ციფრების შესახებ" ამხანაგ ნ. ს. ხრუშჩოვის მოხსენების გამო. მიღებულია ერთხმად 1959 წლის 5 თებერვალს / |
| Statement of responsibility, etc |
ნ.ს. ხრუშჩოვი. |
| 264 ## - წარმოების, გამოცემის, დისტრიბუციის და სხვა ცნობები |
| გამოცემის, წარმოების, დისტრიბუციის... ადგილი |
თბ. : |
| გამოცემის, წარმოების, დისტრიბუციის... სახელწოდება |
საქ. კპ ცკ-ის გამ-ბა, |
| გამოცემის, წარმოების, დისტრიბუციის... თარიღი |
1959. |
| 300 ## - ფიზიკური აღწერა |
| Extent |
84 გვ. ; |
| Other physical details |
20 სმ. |
| 653 ## - INDEX TERM--UNCONTROLLED |
| Uncontrolled term |
სკკპ XXI ყრილობა. |
| 653 ## - INDEX TERM--UNCONTROLLED |
| Uncontrolled term |
სსრ კავშირის სახალხო მეურნეობის განვითარების შვიდწლიანი გეგმა, 1959-1965 წ.წ. |
| 942 ## - ADDED ENTRY ELEMENTS (KOHA) |
| Source of classification or shelving scheme |
|
| Koha item type |
წიგნი |